00330nam a2200145Ia 4500008004100000020001500041041001200056082001100068100001900079245002600098260002500124300000800149650000700157700002000164221030s9999 xx 000 0 und d a0070585156 aEnglish a105.23 aJ. J. Grainger 0aPower System Analysis bTMHaNew Delhic2006 a787 aEE aW. D. Stevenson